=LDR 00000nam 2200000 4500 =001 INLIS000000000059380 =005 20211111123501 =035 ##$$a 0010-1121000117 =007 ta =008 211111###########################0#ind## =020 ##$$a 979-526-340-4 =082 ##$$a 631.45 =084 ##$$a 631.45 Sup p =245 1#$$a Pengendalian erosi Tanah : $b Dalam rangka Pelestarian Lingkungan Hidup /$c Dr. Ir. Supli Effendi Rahim =250 ##$$a cet 2 =300 ##$$a 149 halaman : $b ilustrasi ; $c 20 cm =650 #4$$a Erosi =264 ##$$a Jakarta :$b Bumi Aksara,$c 2003 =336 ##$$a teks$2 rdacontent =337 ##$$a lain-lain$2 rdamedia =338 ##$$a lain-lain$2 rdacarrier =990 ##$$a 28182818